000
00319nam a2200121Ia 4500
008
230627s9999 xx 000 0 und d
041
_a
eng
082
_a
346.02
_b
BAN
100
_a
Bangia R. K
245
_a
Law Of Contract I And Specific Relief Act
250
_a
8ed.
260
_a
Faridabad
_b
Allahabad Law Agency
_c
1999
999
_c
702602
_d
702602